Marques alimentaires et catégories (click quiz) - Statistiques

Statistiques générales
  • Ce quiz a été pris 68 fois
  • Le résultat moyen est 8 sur 10
Statistiques - réponses
Hint Réponse % Correct
Caprice des ..... Religion
93%
La ..... qui rit Animal
90%
Chaussée aux ...... Religion
87%
Carte ..... Couleur
83%
..... Navire Adjectif
82%
... Bull Couleur
80%
Maître ... Animal
73%
Géant .... Couleur
70%
Planta ... Adjectif
57%
Le ..... Pané Adjectif
37%
Aucun quiz correspondant
Distribution des résultats
% des personnes avec chaque résultat
Percentile par nombre de réponses
Votre historique - résultats
Vous n’avez pas pris ce quiz